000 00725aab a2200193 4500
001 768714001
003 CO-MdFUSB
005 20250820171329.0
008 250820t1999 ag ||||| |||| 00| 0 spa d
040 _bspa
_cCO-MdFUSB
041 _aspa
100 1 _aBreneman, Mervin (1930-)
_eautor
245 1 0 _aCómo debemos usar el Antiguo Testamento (13) :
_bel plan de Dios (1)
_c/ Mervin Breneman
300 _aVolumen 18, número 3 (julio - septiembre, 1999), páginas: 33-34
_c; 27 cm
630 0 7 _aBiblia.
_pAntiguo Testamento
_xCrítica, interpretación, etc.
773 0 _tIglesia y Misión
_049402
_959631
_gVolumen 18, número 3 (julio - septiembre, 1999), páginas: 33-34
_qpáginas: 33
942 _cANA
945 _aJTF-925
999 _c52412
_d52412